02678cam a22003375a 450000100090000000300090000900500170001800800410003502000180007604000430009408200200013724501150015726400670027230000460033933600260038533700280041133800270043949000760046650400410054252011910058365000530177465100100182765300400183765500240187770000290190194200120193099900170194295201270195995201270208695201270221320523489EG-ScBUE20220421092650.0180531s2018 sz a f b 000 0 eng d a9783319912400 aDLCbengerdacDLCdEG-ScBUEdEG-ScBUE04a418.02bTRA22200aTranslation quality assessment :bfrom principles to practice /c[edited by] Joss Moorkens [and three others]. 1aCham, Switzerland :bSpringer International Publishing,c2018. axii, 287 pages :billustrations ;c24 cm. 2rdacontentatextbtxt 2rdamediaaunmediatedbn 2rdacarrieravolumebnc0 aMachine translation : technologies and applications ;x25228021 ;vv. 1 aIncludes bibliographical references. aThis is the first volume that brings together research and practice from academic and industry settings and a combination of human and machine translation evaluation. Its comprehensive collection of papers by leading experts in human and machine translation quality and evaluation who situate current developments and chart future trends fills a clear gap in the literature. This is critical to the successful integration of translation technologies in the industry today, where the lines between human and machine are becoming increasingly blurred by technology: this affects the whole translation landscape, from students and trainers to project managers and professionals, including in-house and freelance translators, as well as, of course, translation scholars and researchers. The editors have broad experience in translation quality evaluation research, including investigations into professional practice with qualitative and quantitative studies, and the contributors are leading experts in their respective fields, providing a unique set of complementary perspectives on human and machine translation quality and evaluation, combining theoretical and applied approaches.  7aTranslating and interpretingxEvaluation.2BUEsh 2BUEsh bHHUUEENNcOctober2018cNovember2018 vReading book9342321 aMoorkens, Joss,eeditor. 2ddccBB c26884d26856 00102ddc40708BaccahaMAINbMAINc2NDd2018-10-15ePurchaseg1550.00l0o418.02 TRAp000043616r2025-07-15 00:00:00yNB 00102ddc40708BaccahaMAINbMAINc2NDd2018-11-13ePurchaseg1550.00l0o418.02 TRAp000043905r2025-07-15 00:00:00yBB 00102ddc40708BaccahaMAINbMAINc2NDd2018-11-13ePurchaseg1550.00l0o418.02 TRAp000043906r2025-07-15 00:00:00yBB